000 01206nam a22003377a 4500
003 CHAP
005 20220817043410.0
008 971013s1980 mx a r 00010 spa d
010 _a74364
011 _a75336
035 _a84896
040 _cCHAP
090 _aTesis
100 0 0 _aCarranza de Mendoza, Gabriel Alfredo.
_919326
245 1 0 _aActividad similar de las prostaglandinas en ileon de cobayo con extractos de larvas Boophilus microplus (CEPA Morelos)
_c/por Gabriel Alfredo Carranza de Mendoza
260 _aMéxico, D.F. :
_bEl autor,
_c1980
300 _a26 h. :
_bgráfs.
502 _aTesis (Médico Veterinario Zootecnista) -- UNAM. Facultad de Medicina Veterinaria y Zootecnista
590 _aALEPH
_b10
_c20130110
_lUCH01
_h1418
590 _aBATCH-UPD
_b10
_c20130110
_lUCH01
_h1227
590 _aBATCH-UPD
_b10
_c20130410
_lUCH01
_h0759
590 _aBATCH-UPD
_b10
_c20130914
_lUCH01
_h0658
590 _aCONVERSION
_b10
_c20130109
_lUCH01
_h1341
650 1 4 _aBoophilus microplus.
650 1 4 _aGanado
_xParásitos.
_944939
650 1 4 _aGarrapatas.
_946932
650 1 4 _aProstaglandina.
_992434
901 _aBK
942 _cTESIS
949 _bBC
_cTES
_d-40474
_eTS1
_h18339
_i84896
_si
999 _c74364
_d74364